Ensayo de una bibliografía de Domingo Amunátegui Solar, 1876-1946. Setenta años de labor pública consagrada a las disciplinas históricas y literarias, a la ebseñanza y a la admnistración. precedida de una Historia de mis libros, del mismo Amunátegui Solar
Kaydedildi:
| Yazar: | |
|---|---|
| Materyal Türü: | Kitap |
| Dil: | İspanyolca |
| Baskı/Yayın Bilgisi: |
Santiago
Nascimento
1961
|
| Edisyon: | 1a. ed |
| Seri Bilgileri: | Anales de la Universidad de Chile, 1961
|
| Konular: | |
| Etiketler: |
Etiketle
Etiket eklenmemiş, İlk siz ekleyin!
|
MARC
| LEADER | 00000nam a2200000 a 4500 | ||
|---|---|---|---|
| 001 | UCJ6359 | ||
| 003 | CL-VaPUC | ||
| 008 | 070124e19610000CL |||||||||||||||||spa|d | ||
| 082 | 0 | 4 | |a 983 |b FEL |2 21 |
| 100 | |a Feliú Cruz, Guillermo |e autor |9 392726 | ||
| 245 | 1 | 0 | |a Ensayo de una bibliografía de Domingo Amunátegui Solar, 1876-1946. Setenta años de labor pública consagrada a las disciplinas históricas y literarias, a la ebseñanza y a la admnistración. precedida de una Historia de mis libros, del mismo Amunátegui Solar |
| 250 | |a 1a. ed | ||
| 300 | |a 96 p | ||
| 942 | |c BK | ||
| 945 | |d 20070124 00:00:00 |a rinostro | ||
| 260 | |a Santiago |b Nascimento |c 1961 | ||
| 600 | 0 | 7 | |a AMUNATEGUI SOLAR, DOMINGO |2 CL-VaPUC |9 444723 |
| 650 | 7 | |a BIOGRAFIA |2 CL-VaPUC |9 504622 | |
| 650 | 0 | |a Autobiografías |9 265171 | |
| 650 | 7 | |a BIBLIOGRAFIA |2 CL-VaPUC |9 256175 | |
| 650 | 0 | |a Historiografía |9 257871 | |
| 650 | 0 | |a Historiadores |9 314498 | |
| 650 | 0 | |a Crítica literaria |9 269189 | |
| 583 | |a last modification |c 20070124 00:00:00 |k Rodrigo Vera | ||
| 490 | 0 | |a Anales de la Universidad de Chile, 1961 | |
| 999 | |c 322466 |d 322464 | ||
| 952 | |0 0 |1 0 |4 0 |6 983_000000000000000_FEL_1961 |7 0 |8 X |9 401463 |a FDOBUD |b FDOBUD |d 2019-11-22 |i 1047124 |o 983 FEL 1961 |p 1047124 |r 2019-11-22 |w 2019-11-22 |y BK_X |k BUD | ||